Usos del cobre: instalaciones sanitarias

Guardat en:
Dades bibliogràfiques
Autors principals: Fuentes R., Jacinto (Autor), Osorio, Denis (Autor)
Format: Llibre
Idioma:espanyol
Publicat: Santiago Procobre 2001
Edició:2a. ed
Matèries:
Etiquetes: Afegir etiqueta
Sense etiquetes, Sigues el primer a etiquetar aquest registre!

MARC

LEADER 00000nam a2200000 a 4500
001 UCN4436
003 CL-VaPUC
008 010803e20010000CL |||||||||||||||||spa|d
082 0 4 |a 696.1  |b FUE  |2 21 
100 0 |a Fuentes R., Jacinto  |e author  |9 460852 
700 0 |a Osorio, Denis  |e author  |9 460853 
245 1 0 |a Usos del cobre: instalaciones sanitarias 
250 |a 2a. ed 
300 |a 120 p 
942 |c BK 
945 |d 20010803 00:00:00  |a cmena 
260 |a Santiago  |b Procobre  |c 2001 
650 0 |a Cobre  |9 255767 
650 7 |a PLOMERIA  |2 CL-VaPUC  |9 460854 
650 0 |a Instalaciones sanitarias  |9 258060 
650 7 |a TUBERIAS DE COBRE  |2 CL-VaPUC  |9 460855 
650 7 |a FITTINGS  |2 CL-VaPUC  |9 460856 
650 7 |a LLAVES  |2 CL-VaPUC  |9 460857 
650 0 |a Soldaduras  |9 340447 
583 |a last modification  |c 20180423 12:11:51  |k Rodrigo Vera 
999 |c 296679  |d 296677 
952 |0 0  |1 0  |4 0  |6 696_100000000000000_FUE_2001  |7 0  |8 A  |9 350692  |a BIBING  |b BIBING  |d 2019-11-20  |i 3739376  |o 696.1 FUE 2001  |p 3739376  |r 2025-01-20  |w 2019-11-20  |y BK  |k ING